The money book (Record no. 570536)

MARC details
000 -LEADER
fixed length control field 00484nam a2200193Ia 4500
008 - FIXED-LENGTH DATA ELEMENTS--GENERAL INFORMATION
fixed length control field 250327s9999 xx 000 0 und d
020 ## - INTERNATIONAL STANDARD BOOK NUMBER
ISBN 9788129137531
Paper back/Hardbound hbk
041 ## - LANGUAGE CODE
Language code of text/sound track or separate title eng
082 ## - DEWEY DECIMAL CLASSIFICATION NUMBER
Classification number 332.024 LAW
100 ## - MAIN ENTRY--AUTHOR NAME
Personal name Law, Vivek
245 #4 - TITLE STATEMENT
Title The money book
Statement of responsibility, etc / Vivek Law
250 ## - EDITION STATEMENT
Edition statement 1st ed.
260 ## - PUBLICATION, DISTRIBUTION, ETC. (IMPRINT)
Name of publisher Rupa publications,
Year of publication 2016.
Place of publication New Delhi:
300 ## - PHYSICAL DESCRIPTION
Number of Pages 194p. ;
Dimensions 20cm.
504 ## - BIBLIOGRAPHY, ETC. NOTE
Bibliography, etc Includes index
650 ## - SUBJECT ADDED ENTRY--TOPICAL TERM
Topical Term Financial economics
942 ## - ADDED ENTRY ELEMENTS (KOHA)
Koha item type English Books
Holdings
Withdrawn status Lost status Damaged status Not for loan Home library Current library Shelving location Date acquired Cost, normal purchase price Full call number Accession Number Price effective from Koha item type
        Anna Centenary Library Anna Centenary Library 4TH FLOOR, A WING 28.11.2024 395.00 332.024 LAW 700670 28.11.2025 English Books
        Anna Centenary Library Anna Centenary Library 4TH FLOOR, A WING 27.03.2025 395.00 332.024 LAW 700671 27.03.2025 English Books

Find us on the map